| 000 | 00629nam a22002057a 4500 | ||
|---|---|---|---|
| 999 |
_c15600 _d15600 |
||
| 003 | AR-CdUCM | ||
| 008 | 190429b ||||| |||| 00| 0 spa d | ||
| 040 |
_aMUNICIPALIDAD PROVINCIAL DEL CUSCO _cBIBLIOTECA MUNICIPAL DEL CUSCO |
||
| 082 |
_aPI / 372.64 / _bN61 |
||
| 245 | _aLos niños voladores / | ||
| 260 |
_aPerú : _bNavarrete. |
||
| 300 |
_bilustraciones _c30 cm. |
||
| 440 |
_aCuentos Navarrete. _934365 |
||
| 650 |
_aLiteratura infantil _9588 |
||
| 650 |
_aCuentos infantiles _93927 |
||
| 650 |
_aSiglo XX _98 |
||
| 710 |
_aCorporación Gráfica Navarrete. _933296 |
||
| 942 |
_2ddc _cLIBROS |
||
| 945 |
_aachl _d2019-04-29 |
||